| 000 | 00871 a2200229 4500 | ||
|---|---|---|---|
| 999 |
_c9922 _d9922 |
||
| 022 | _Ino issn | ||
| 050 | 0 | 0 | _aKTL19.A35 SOU 1963 |
| 100 |
_aDuncan, Graeme _eeditor |
||
| 110 | _aSupreme Court of South Africa | ||
| 245 | 0 | 4 |
_aSouth African law reports 1963(3) : _bDecisions of the Supreme Court of South Africa, South-West Africa division, High court of Rhodesia / _cGraeme Duncan, M. Barnett ...et al |
| 264 |
_aSouth Africa: _bJuta and Company LTD _c1963 |
||
| 300 | _a822p.: | ||
| 500 | _aIncludes bibliographical references and index | ||
| 650 | 0 | _aLaw reports, digests, etc | |
| 650 | 7 | _aCases decided in Supreme Court of South Africa | |
| 651 | 7 | _aSouth Africa. | |
| 700 | 1 |
_aBarnett, M. _eeditor |
|
| 700 | 1 |
_aBuchanan, J.L. _eeditor |
|
| 700 | 1 |
_aFisher, D.S. _eeditor |
|
| 710 | 1 | _aSupreme Court of South Africa | |
| 942 |
_2lcc _cSERIALS _h19.A35 _iSOU _kKTL |
||